ヒンドゥー教徒が多い国 - Statistics

General Stats
  • This quiz has been taken 158 times
  • The average score is 11 of 20
Answer Stats
ヒンドゥー教徒人口 国内に占める割合 % Correct
インド 1.1B 78.90%
100%
パキスタン 4M 1.90%
96%
バングラデシュ 13.8M 8.20%
92%
インドネシア 4.2M 1.60%
92%
ネパール 28.6M 80.60%
86%
スリランカ 3.1M 13.70%
78%
アメリカ 2.5M 0.50%
75%
マレーシア 1.9M 5.80%
68%
イギリス 1M 1.60%
57%
シンガポール 380K 6.50%
55%
カナダ 610K 1.70%
53%
オーストラリア 410K 1.70%
52%
サウジアラビア 440K 1.30%
45%
アラブ首長国連邦 660K 7.70%
37%
カタール 360K 15.90%
30%
南アフリカ 540K 1%
28%
クウェート 330K 9.90%
24%
フィジー 270K 27.90%
18%
モーリシャス 640K 48.40%
14%
トリニダードトバゴ 310K 22.30%
5%
No matching quizzes found
Score Distribution
Percent of People with Each Score
Percentile by Number Answered
Your Score History
You have not taken this quiz